000 00640nam a2200181 a 4500
001 000026652
003 OSt
005 20240305073654.0
008 110324s1964 dr r 000 0 spa d
040 _aDO-SdBNP
_bspa
_cBNPHU
100 1 _aRodríguez Demorizi, Emilio,
_d1908-1986
_91039
245 1 0 _aProyecto de incorporación de Santo Domingo a Norte América :
_bapuntes y documentos /
_cEmilio Rodríguez Demorizi.
260 _aSanto Domingo :
_bEditorial Montalvo,
_c1964.
300 _a427 p. ;
_c21 cm.
500 _aIncluye índice
500 _aIncluye referencias bibliográficas y notas al pie de las páginas
942 _2ddc
_cLBS1
999 _c26144
_d26144